000 01003nmm a2200289 a 4500
001 ocm0001682973
003 TR-IsHL
005 20201028165552.0
008 171111s2017 tu tur
007 cr cn
020 _a9786059143394
035 _a1682973
_b(N$T)
050 0 4 _aHG3256.5.A6
_bT46 2017
090 0 4 _aHG3256.5.A6
_bT46 2017
100 1 _aTemirtekin, Salih Buğra
245 1 0 _aİş'te bankacılık: ticari bankacılık mutfağından
_h[electronic resource] /
_cSalih Buğra Temirtekin
260 _aİstanbul :
_bHiperyayın,
_c2017
300 _a112 p.
650 4 _aEkonomi ve Finans
650 4 _aEconomics and Finance
650 0 _aBankalar ve bankacılık
_x Türkiye
650 0 _aBanks and banking
_x Turkey
650 0 _aBanka yönetimi
_x Türkiye
650 0 _aBank management
_x Turkey
650 7 _aBUSINESS & ECONOMICS / Banks & Banking
_2bisacsh
856 4 0 _uhttp://search.ebscohost.com/login.aspx?direct=true&scope=site&db=e011xww&AN=1682973
999 _c15904
_d15904